Pilot analysis of global ecosystems : (Registro nro. 8539)

Detalles MARC
000 -CABECERA
Campo de control 00687nam a22002177a 4500
005 - FECHA Y HORA DE LA ULTIMA TRANSACCION
Campo de control 20140710141343.0
008 - ELEMENTOS DE LONGITUD FIJA—INFORMACION GENERAL
Campo de control 140710b2001 xxu||||| |||| 00| 0 eng d
020 ## - ISBN
ISBN 1569734585
041 ## - IDIOMA
Código de idioma para texto/pista de sonido o título separado Inglés
044 ## - PAÍS DE PUBLICACIÓN
País de publicación Estados Unidos
082 04 - NUMERO DE CLASIFICACION DECIMAL DEWEY
Número de clasificación 577.5
Número del ítem B95p
245 00 - MENCION DE TITULO
Título Pilot analysis of global ecosystems :
Parte restante del título coastal ecosystems /
246 3# - FORMA VARIANTE DEL TITULO
Título propiamente dicho/forma breve del título Coastal ecosystems
260 ## - PUBLICACION, DISTRIBUCION, ETC. (PIE DE IMPRENTA)
Lugar de publicación, distribución, etc. Washington, D.C
Nombre del editor, distribuidor, etc. World Resources Institute
Fecha de publicación, distribución, etc. c2001
300 ## - DESCRIPCION FISICA
Extensión 93 p.
Otros detalles físicos il. (col), mapas
Dimensiones 28 cm.
504 ## - NOTA DE BIBLIOGRAFIA, ETC.
Nota de bibliografía Incluye referencias bibliográficas (pag. 71-77).
650 ## - ASIENTO SECUNDARIO DE MATERIA - TERMINO TEMATICO
Término temático o nombre geográfico como elemento de entrada Coastal ecology.
700 1# - ASIENTO SECUNDARIO - NOMBRE PERSONAL
Nombre personal Burke, Lauretta Marie.
710 1# - ASIENTO SECUNDARIO - NOMBRE CORPORATIVO
Nombre corporativo o de jurisdicción como elemento de entrada World Resources Institute.
942 ## - ELEMENTOS ADICIONALES (KOHA)
Sistema de clasificación Dewey Decimal Classification
Tipo de ítem Impreso
Existencias
Withdrawn status Lost status Sistema de Clasificación Damaged status No para préstamo Colección Inventariado Ubicación Permanente Ubicación actual Fecha de adquisición Fuente de Valor Valor Total Checkouts Número topográfico Inventario / Código de Barras Date last seen Ejemplar Price effective from Forma de adquisición Tipo de material
    Dewey Decimal Classification     General Inventariado 2017 Sala Fabio Quevedo Sala Fabio Quevedo 10/07/2014 Instituto 39000.00   LB-577.5 B95p 034322 10/07/2014 Ej. 1 10/07/2014   Libro